005780000a22002410004500082002500000538000600025518001400031530000600045100002100051245008200072260004100154260001400195300000900209041000800218365001400226500002700240650001600267650000900283650001200292651001000304650001400314015000800328 aN355.0092bT569vcNC aN a2065-4-26 aM aThapa, Rajeshwar aVirbhadra Thapa, pratham pustaka rastriya vir yoddha tatha kushal kutanitijna aKathmandubDevi Bahadur Thapa, Nepal c2059 B.S. a53p. aNep aRs.100.00 aBibliography: p. 49-53 aBiographies aArmy aHistory aNepal aThapaharu aNNB